Quiz Culture G. (2) - Statistiques

Statistiques générales
  • Ce quiz a été pris 106 fois
  • Le résultat moyen est 9 sur 20
Statistiques - réponses
Réponse % Correct
Qui présente "N'oubliez pas les paroles !" ? Nagui
90%
Quelle marque allemande a un nom pouvant se traduire par "voiture du peuple" ? Volkswagen
77%
En cyclisme, de quelle couleur est le maillot du vainqueur du tour d'Espagne ? Rouge
73%
Notamment présent au Sahara, quel animal est surnommé "renard du désert" ? Fennec
70%
Quel est le réalisateur du film "Un p'tit truc en plus", carton au box office en 2024 ? Artus
66%
Si je vais de la Place de la Bourse à celle des Quinconces, dans quelle ville suis-je ? Bordeaux
58%
Avec qui Omar Sy partage t-il l'affiche du film Intouchables ? François Cluzet
58%
Dans quel club évolue l'actuel gardien de l'équipe de France, Mike Maignan ? Milan
53%
Quel groupe italien a remporté l'Eurovision 2021 ? Maneskin
45%
Quelle est la capitale de la Jordanie ? Amman
42%
En quelle année, Vercingétorix capitule-t-il à Alésia face à Jules César ? - 52
41%
Peu cité, le capitaine Haddock, fidèle acolyte de Tintin, a bien un prénom. Lequel ? Archibald
37%
Quel peintre est l'auteur de la toile très controversée "L'origine du monde" ? Courbet
34%
Quelles petites brochettes, sous forme de bouchées, sont une spécialité japonaise ? Yakitori
34%
Quel mot de la langue française a un C se prononçant G ? Seconde
31%
Sous quel nom connait-on mieux Stefani Germanotta ? Lady Gaga
30%
Quel prix littéraire créé en 1904 avait pour but premier de dénoncer la misogynie du prix Goncourt ? Femina
27%
En volleyball, quel poste occupe le joueur qui a un maillot de couleur différente que ses coéquipiers ? Libero
25%
En 2023, qui est l'interprète du titre "Retiens les rêves" ? Grand Corps Malade
5%
Quelle ancienne lauréate a pris la direction du comité Miss France en 2022 ? Cindy Fabre
4%
Aucun quiz correspondant
Distribution des résultats
% des personnes avec chaque résultat
Percentile par nombre de réponses
Votre historique - résultats
Vous n’avez pas pris ce quiz